LEADER 01173nam a2200277 i 4500 001 000000173349 003 CaOOAMICUS 005 20080715000000.0 008 080715s1995 it u000 u ita u 013 $a150801 020 $a88-04-40-426-4 040 $aSeMil$bita 100 1 $aTorno, Armando,$d<1953- >.$0(OLS)http://semarc/name/19713 245 10$aPiccolo manuale per ritrovare la fede /$cCompilato da Armando Torno. 260 $aMilano :$bArnoldo Mondadori Editore,$c1995. 300 $a135 p. ;$c18 cm. 490 0 $aPassepartout ;$v30 500 $aIn custodia con : "Piccolo manuale per perdere la fede". 650 4$aDio - Aforismi e sentenze.$0(OLS)http://semarc/subject/32975 830 0$aPassepartout ;$v30.$0(OLS)http://semarc/title/21087 850 $aSeMil 852 $aSeMil$W1$xVenegono$y1$m3F VI 116$j124194$B124194$CSeMilBibl$Z2$F136234 $81 961 $aOmaggio: Biblioteca Ambrosiana 996 $6020$a88-04-40-426-4$9(OLS)http://semarc/number/160987 996 $6245$aPiccolo manuale per ritrovare la fede$9(OLS)http://semarc/title/248292 996 $6260$aMilano :$bArnoldo Mondadori Editore$9(OLS)http://semarc/publisher/30056 LEADER 00674naa a2200145 i 4500 001 000000300797 003 CaOOAMICUS 005 20180831172709.0 008 180831n xx u000 u und u 013 $a8519 040 $aSeMil$bita 100 1 $aFreeman, Gerard Pieter.$0(OLS)http://semarc/name/86372 245 14$aDer Geist, das Herz und das Fleisch :$bzur 1. Ermahnung des Franzi rituali : collana ; 10.). 773 0 $tMetodi di lettura delle fonti francescane.$dRoma : Ed. Collegio San Lorenzo da Brindisi, 1988.$kDimensioni spirituali$w()34879 996 $6245$aDer Geist, das Herz und das Fleisch :$bzur 1. Ermahnung des Franzi rituali : collana ; 10.).$9(OLS)http://semarc/title/376812